| 000 | 00628nam a2200229Ia 4500 | ||
|---|---|---|---|
| 005 | 20220708153058.0 | ||
| 008 | 131103s9999 xx 000 0 und d | ||
| 020 | _a0 05 003128 7 | ||
| 040 | _aLoreto College | ||
| 041 | _aEnglish | ||
| 082 |
_a307.14 _bDAN |
||
| 100 | _aDaniel, Peter | ||
| 245 | 4 |
_aThe Geography of settlements _cPeter Daniel and Michael Hopkinson |
|
| 260 |
_aEdinburgh _bOliver & Boyd _c1979 |
||
| 300 |
_a286p _b ill. figures , maps |
||
| 504 | _asecond impression 1981 | ||
| 650 | _aCommunities - | ||
| 651 | _acommunities - | ||
| 700 | _aHopkinson , Michael | ||
| 850 | _aLCLIB | ||
| 942 | _cBK | ||
| 999 |
_c1474 _d51953 |
||